[Event "Vereinsmeisterschaft Ilmenauer SV 2024"]
[Site "Ilmenauer SV, EAZ Ilmenau"]
[Date "2024.01.20"]
[Round "1.8"]
[White "Brand, Thomas"]
[Black "Skopp, Erik"]
[Result "0-1"]
[WhiteElo "1040"]
[BlackElo "1562"]
[Annotator "Skopp, Erik"]
[PlyCount "88"]
[EventDate "2024.??.??"]
[SourceTitle "Skopp, Erik"]
[WhiteTeam "Ilmenauer SV"]
[BlackTeam ""]

{[%evp 9,88,149,160,42,170,134,162,128,138,86,87,92,126,129,132,45,175,122,185,173,267,157,138,-42,-48,-49,-41,-214,-202,-205,6,-126,-31,-316,0,-456,-355,-345,-328,-397,-362,-351,-358,-326,-207,-399,-400,-417,-12,-407,-410,-507,-490,-530,-432,-395,-25,-77,610,610,1043,467,464,464,729,0,0,0,642,530,29972,0,3638,0,0,0,0,0,0,0,0]} 1. d4 e5 2. dxe5 d6 3. Nf3 Nc6 4. Bg5 Be7 5. Bxe7 Ngxe7 6. Nc3 $146 {[%eval 42,28] [%wdl 59,940,1] A40: Unusual replies to 1 d4.} (6. exd6 $16 {[%eval 160,27] [%wdl 971,29,0]} cxd6 7. Nc3) ({Predecessor:} 6. exd6 cxd6 7. e4 Qb6 8. b3 Bg4 9. Be2 O-O-O 10. c4 f5 11. Nfd2 Bxe2 12. Qxe2 {0-1 (47) Vidal Traves,M (1631)-Alonso Gimenez,M (1933) Platja d'Aro 2023}) 6... d5 {[%eval 170,27] [%wdl 983,17,0]} (6... Nxe5 $14 {[%eval 42,28] [%wdl 59,940,1]} 7. Nxe5 dxe5) 7. e3 {[%eval 134,31] [%wdl 894,106,0]} (7. Qd2 $18 {[%eval 170,27] [%wdl 983,17,0]}) 7... Bf5 8. Bd3 {White is clearly better.} Bg4 {[#]} 9. Be2 {[%eval 86,29] [%wdl 377,623,0]} (9. Bb5 $142 $1 {[%eval 138,32] [%wdl 911,89,0]}) 9... Qd7 $16 10. h3 Be6 11. O-O O-O-O 12. Bb5 {[%eval 45,31] [%wdl 58,942,0]} (12. a4 $16 {[%eval 132,29] [%wdl 879,121,0]}) 12... h6 {[%eval 175,34] [%wdl 987,13,0]} (12... a6 $1 $14 {[%eval 45,31] [%wdl 58,942,0]} 13. Bxc6 Nxc6) 13. Qe2 {[%eval 122,31] [%wdl 811,189,0]} (13. Nd4 $18 {[%eval 175,34] [%wdl 987,13,0]}) 13... g5 {[%eval 185,33] [%wdl 993,7,0]} (13... a6 $16 {[%eval 122,31] [%wdl 811,189,0]}) 14. Nd4 {Na4 would now be deadly.} g4 {[%eval 267,31] [%wdl 1000,0,0]} (14... Kb8 {[%eval 173,30] [%wdl 986,14,0] was necessary.} 15. Na4 Nxd4 16. exd4 Qc8) 15. h4 {[%eval 157,34] [%wdl 965,35,0]} (15. Na4 $18 {[%eval 267,31] [%wdl 1000,0,0] Strongly threatening Nc5.} Kb8 16. Nc5) 15... a6 16. Nxe6 $2 {[%eval -42,33] [%wdl 0,952,48]} ({Better is} 16. Nxc6 $16 {[%eval 138,35] [%wdl 908,92,0]} Nxc6 17. Na4) 16... Qxe6 $15 17. Bxc6 Nxc6 18. Rfd1 $2 {[%eval -214,31] [%wdl 0,1,999]} (18. f4 $1 $15 {[%eval -41,32] [%wdl 0,957,43]}) 18... Nxe5 $19 19. e4 {[#]} c6 {[%eval 6,38] [%wdl 6,991,3]} ({Black should play} 19... d4 $1 $19 {[%eval -205,28] [%wdl 0,2,998][%cal Rd4c3]} 20. Nd5 c6) 20. Na4 {[%eval -126,34] [%wdl 0,171,829]} (20. exd5 $11 {[%eval 6,38] [%wdl 6,991,3]} cxd5 21. Re1) 20... Rhg8 {[%eval -31,32] [%wdl 1,974,25] Black is more active.} (20... d4 $17 {[%eval -126,34] [%wdl 0,171,829] aiming for ...Rhg8.} 21. Nc5 Qe7) 21. b3 $2 {[%eval -316,25] [%wdl 0,0,1000][%mdl 8192]} (21. exd5 $15 {[%eval -31,32] [%wdl 1,974,25]} cxd5 22. Qe3) 21... f5 $2 {[%eval 0,32] [%wdl 4,992,4]} (21... Nf3+ $19 {[%eval -316,25] [%wdl 0,0,1000]} 22. Kf1 Qf6) 22. c4 $2 {[%eval -456,31] [%wdl 0,0,1000][%mdl 8192]} fxe4 (22... dxc4 23. Rxd8+ Rxd8 24. exf5 Qxf5 25. Nb6+ Kb8 26. Nxc4 Nxc4 27. bxc4 $11) (22... dxe4 23. Rxd8+ Rxd8 24. Rd1 $19) 23. cxd5 cxd5 24. Nc5 Qe7 25. Rac1 Kb8 (25... Qxh4 26. Nxa6+ Nc6 27. Nb4 $16 (27. Qb5 Rg6 $16)) 26. Qe3 Rd6 {[%cal Oe5f3]} ({Stronger than} 26... Qxh4 27. Nxa6+ Ka8 28. Nc7+ Kb8 29. Na6+ (29. Nxd5 $2 g3 $19) (29. Rxd5 Rxd5 $11) (29. Nb5 d4 $11) 29... Ka8 30. Nc7+ Kb8 31. Nb5 $11 (31. Nxd5 $2 g3 $19) (31. Rxd5 Rxd5 $11)) 27. g3 $2 {[%eval -399,24] [%wdl 0,0,1000]} (27. Qg3 {[%eval -207,27] [%wdl 0,3,997]}) 27... Rf8 28. Kg2 Qf7 $2 {[%eval -12,29] [%wdl 2,990,8]} ({Black should try} 28... Rf3 $19 {[%eval -417,30] [%wdl 0,0,1000]} 29. Qd2 Nc6) 29. Rd4 $2 {[%eval -407,27] [%wdl 0,0,1000][%mdl 8192]} (29. Nxe4 $11 {[%eval -12,29] [%wdl 2,990,8] and White is okay.} Rdd8 30. Nc5) 29... Rf6 30. Rc2 Rf3 31. Qe2 {[#]} e3 $1 {[%mdl 512]} 32. fxe3 (32. Rf4 Rxf4) 32... Qe7 $2 {[%eval -25,37] [%wdl 1,982,17]} (32... Rxe3 $19 {[%eval -395,28] [%wdl 0,0,1000]} 33. Qf2 Qxf2+ 34. Rxf2 Rff3) 33. Rf4 {[%eval -77,32] [%wdl 0,772,228]} (33. Nxa6+ $1 $11 {[%eval -25,37] [%wdl 1,982,17]} bxa6 34. Qd2 Rf2+ 35. Qxf2 Rxf2+ 36. Rxf2) 33... R3xf4 $4 {[%eval 610,31] [%wdl 1000,0,0][%mdl 8192]} (33... Ka7 $17 {[%eval -77,32] [%wdl 0,772,228]}) 34. exf4 $18 b6 35. fxe5 {[%eval 467,29] [%wdl 1000,0,0]} (35. Nxa6+ $142 {[%eval 1043,26] [%wdl 1000,0,0]} Kb7 36. Rc7+ Qxc7 37. Nxc7) 35... bxc5 36. Qxa6 {[%mdl 4096] Endgame. Qb6+ is the strong threat. KQR-KQR} c4 {[%eval 729,37] [%wdl 1000,0,0]} (36... Qxe5 $142 {[%eval 464,36] [%wdl 1000,0,0]} 37. Qb6+ (37. Qxh6 Qe4+ 38. Kg1 Qe1+ 39. Kh2 Rf2+ 40. Rxf2 Qxf2+ 41. Kh1 Qf1+ 42. Kh2 Qh3+ {[%mdl 64] Deflection} 43. Kg1 Qxg3+ 44. Kf1 Qf3+ 45. Kg1 Kc7 $15) 37... Ka8) 37. Qd6+ $2 {[%eval 0,58] [%wdl 5,991,4]} (37. Qb6+ $18 {[%eval 729,37] [%wdl 1000,0,0]} Ka8 38. bxc4) 37... Qxd6 $11 38. exd6 {KR-KR} Rc8 {[%eval 642,38] [%wdl 1000,0,0][%mdl 8192]} (38... cxb3 $11 {[%eval 0,58] [%wdl 5,991,4]} 39. axb3 Rd8) 39. bxc4 $18 Rxc4 40. Rf2 {[%eval 0,61] [%wdl 5,990,5]} (40. Rxc4 {[%eval 32712,61] [%wdl 1000,0,0] mates} dxc4 41. Kf2 Kc8 42. Ke3 Kd8 43. Kd4 c3 44. Kxc3 Kd7 45. Kc4) 40... d4 $2 {[%eval 3638,44] [%wdl 1000,0,0][%mdl 8192]} (40... Kc8 $11 {[%eval 0,61] [%wdl 5,990,5]}) 41. d7 $2 {[%eval 0,67] [%wdl 5,990,5]} (41. Rf8+ $18 {[%eval 3638,44] [%wdl 1000,0,0]} Rc8 42. Rxc8+ Kxc8 43. Kf1) 41... Kc7 $11 {The position is equal.} 42. Rf4 Kxd7 43. Rxg4 Ke6 44. Rg6+ Ke5 {[%mdl 32768] Weighted Error Value: White=1.32/Black=1.26.  Loses game:     	White=4     	Black=3      Missed win:     	White=1     	Black=4      Mistake:       	White=9     	Black=6      Inaccurate:     	---       	Black=4      OK:         	White=8     	Black=5      Best:        	---       	Black=5     . Sensor Board Error (Ke4/e5)?} 0-1